000 00354 a2200157 4500
001 153048
040 _cEscola São Tomás de Aquino
100 _aMONTEIRO, José Maviael
240 1 0 _aOs barcos de papel
_lpor
245 1 0 _aOs barcos de papel
300 _a79
362 0 _a2000
440 1 _aÁtica
697 _a*LITERATURA JUVENIL
942 _cBK
999 _c153048
_d153048